Radiation and optics : (Record no. 110531)
[ view plain ]
| 000 -LEADER | |
|---|---|
| fixed length control field | 00493nam a22001697a 4500 |
| 003 - CONTROL NUMBER IDENTIFIER | |
| control field | BD-ChCU |
| 005 - DATE AND TIME OF LATEST TRANSACTION | |
| control field | 20251217142118.0 |
| 008 - FIXED-LENGTH DATA ELEMENTS--GENERAL INFORMATION | |
| fixed length control field | 251217b bg ||||| |||| 00| 0 ben d |
| 040 ## - CATALOGING SOURCE | |
| Transcribing agency | BD-ChCU |
| 082 ## - DEWEY DECIMAL CLASSIFICATION NUMBER | |
| Classification number | 537.1 STR |
| 100 ## - MAIN ENTRY--PERSONAL NAME | |
| Personal name | Stone , John M. |
| 9 (RLIN) | 18299 |
| 245 ## - TITLE STATEMENT | |
| Title | Radiation and optics : |
| Remainder of title | an introduction to the classical theory./ |
| Statement of responsibility, etc. | John M. Stone . |
| 260 ## - PUBLICATION, DISTRIBUTION, ETC. | |
| Place of publication, distribution, etc. | New York : |
| Name of publisher, distributor, etc. | McGraw -Hill , |
| Date of publication, distribution, etc. | C 1963 |
| 300 ## - PHYSICAL DESCRIPTION | |
| Extent | xvi , 544p |
| 650 #0 - SUBJECT ADDED ENTRY--TOPICAL TERM | |
| Topical term or geographic name entry element | Electromagnetism |
| 9 (RLIN) | 18300 |
| 942 ## - ADDED ENTRY ELEMENTS (KOHA) | |
| Source of classification or shelving scheme | Dewey Decimal Classification |
| Koha item type | Books |
| Suppress in OPAC | No |
| Withdrawn status | Lost status | Source of classification or shelving scheme | Damaged status | Not for loan | Home library | Current library | Shelving location | Date acquired | Source of acquisition | Total Checkouts | Full call number | Barcode | Date last seen | Copy number | Price effective from | Koha item type |
|---|---|---|---|---|---|---|---|---|---|---|---|---|---|---|---|---|
| Dewey Decimal Classification | Chittagong University Library | Chittagong University Library | Science Reading Room | 12/17/2025 | Purchase | 537.1STR | 55358 | 12/17/2025 | C-1 | 12/17/2025 | Books | |||||
| Dewey Decimal Classification | Chittagong University Library | Chittagong University Library | Science Reading Room | 12/17/2025 | Purchase | 537.1 STR | 55359 | 12/17/2025 | C-2 | 12/17/2025 | Books | |||||
| Dewey Decimal Classification | Chittagong University Library | Chittagong University Library | Science Reading Room | 12/17/2025 | Purchase | 537.1 STR | 55360 | 12/17/2025 | C-3 | 12/17/2025 | Books |